Statistics for 25 Favorite Rock Bands

Click here to take the quiz!

General Stats

  • This quiz has been taken 44 times
  • The average score is 7 of 25

Answer Stats

AnswerHint% Correct
3The BeatlesAbbey Road, Please Please Me
93%
2Green DayAmerican Idiot, Dookie
88%
16Red Hot Chili PepperCalifornication, Blood Sugar Sex Magik
73%
15Ozzy OsbourneBlizzard of Ozz, No More Tears
54%
12Van Halen1984, 5150
46%
4QueenNews of the World, Jazz
44%
21AerosmithPump, Get a Grip
37%
24My Chemical RomanceThe Black Parade, Three Cheers for Sweet
37%
8Creedence Clearwater RevivalWilly and the Poor Boys, Cosmo's Factory
34%
7KISSDestroyer, Creatures of the Night
32%
9BlondieParallel Lines, Plastic Letters
29%
23Stone Temple PilotsCore, Purple
24%
5Avenged SevenfoldCity of Evil, Hail to the King
22%
13Rob ZombieHellbilly Deluxe,The Sinister Urge
15%
22Marilyn MansonMechanical Animals, Eat Me Drink Me
12%
6MuseSimulation Theory, Absolution
10%
18RancidAnd Out Come the Wolves, Indestructible
10%
10Thirty Seconds To MarsA Beautiful Lie, This Is War
7%
11DOROTHYRockisdead, 28 Days in the Valley
2%
19KMFDMSymbols, Angst
2%
25SireniaThe 13th Floor, Dim Days of Dolor
2%
17The SIGITVisible Idea of Perfection, Detourn
2%
14The StrutsYoung & Dangerous, Everybody Wants
2%
1Within TemptationThe Silent Force, The Heart of Everything
2%
20WolfmotherCosmig Egg, Victorious
2%

Score Distribution

Percentile by Number Answered

Percent of People with Each Score

Your Score History

You have not taken this quiz